[Event "Melbourne op"]
[Site "Melbourne"]
[Date "2024.04.05"]
[Round "6"]
[White "Mitrabha, Guha"]
[Black "Chen, Peng"]
[Result "1-0"]
[WhiteElo "2537"]
[BlackElo "2450"]
[PlyCount "209"]
[EventDate "2024.04.03"]
[EventType "swiss"]
[EventRounds "9"]
[EventCountry "AUS"]
[SourceTitle "CB18_2024"]
[SourceDate "2024.05.01"]
[SourceVersion "1"]
[SourceVersionDate "2024.05.01"]
[SourceQuality "2"]

1. c4 Nf6 2. Nc3 c5 3. g3 g6 4. Bg2 Bg7 5. e3 h5 6. h3 d6 7. Nge2 Nc6 8. d4 Bd7 9. b3 0-0 10. Bb2 Rb8 11. 0-0 a6 12. dxc5 dxc5 13. Na4 b6 14. Nf4 Na5 15. Be5 Rc8 16. Qc2 Nc6 17. Bxf6 exf6 18. Rad1 Ne5 19. Nd3 Rb8 20. Nxe5 fxe5 21. Nxb6 Rxb6 22. Qd2 Rb8 23. Qxd7 Qa5 24. Qd2 Qa3 25. Qc2 Rbd8 26. Bd5 Qa5 27. Rd2 Kh8 28. Rfd1 Qb6 29. Bg2 f5 30. Rd5 Bf6 31. e4 Rxd5 32. Rxd5 f4 33. Qd2 Qc7 34. h4 Rd8 35. Bh3 Rxd5 36. Qxd5 Kg7 37. Kh2 fxg3+ 38. fxg3 Be7 39. Qd2 Qd6 40. Qe2 Qd4 41. Be6 Bf6 42. Bc8 a5 43. Bh3 Be7 44. Bg2 Bf6 45. Qe1 Bd8 46. Qc1 Qf2 47. Qc3 Qd4 48. Qc2 Be7 49. Qc1 Qf2 50. Qc3 Qxa2 51. Qxe5+ Kf7 52. Qd5+ Kf8 53. Qa8+ Kg7 54. Qe8 Bf8 55. e5 Qf2 56. Qd8 Qf5 57. Qe8 Qf2 58. Qd7+ Qf7 59. Qd2 Qf5 60. Qc3 Kh7 61. Qe1 Be7 62. Be4 Qg4 63. Kg2 Kg7 64. Kh2 Kh7 65. Qe3 Kg7 66. Qd3 Qe6 67. Qc3 Qg4 68. Qe3 Qe6 69. Bd5 Qf5 70. Bg2 Kh7 71. Qe2 Kg7 72. Bd5 Kf8 73. Bf3 Kg7 74. Bg2 Kh7 75. Be4 Qe6 76. Bd3 Kg7 77. Qe4 Bd8 78. Qd5 Qe7 79. Qc6 Qxe5 80. Qxg6+ Kf8 81. Kh3 Bc7 82. Be4 Ke7 83. Bd5 Bd6 84. Qf7+ Kd8 85. Qf3 Ke7 86. Be4 Qg7 87. Bd3 Qe5 88. Kg2 Qe1 89. Qe2+ Qxe2+ 90. Bxe2 Kf6 91. Bxh5 Ke5 92. Kf3 Be7 93. Be8 Bd8 94. Bc6 Be7 95. Kg4 Kf6 96. Kh5 Bd6 97. g4 Kg7 98. g5 Bf4 99. Kg4 Bc1 100. h5 Bd2 101. Be4 Bc1 102. h6+ Kh8 103. Kh5 Bd2 104. g6 Bc3 105. g7+ 1-0

[Event "Titled Tuesday intern op 12th Mar Early"]
[Site "Chess.com INT"]
[Date "2024.03.12"]
[Round "4"]
[White "Firouzja, Alireza"]
[Black "Mitrabha, Guha"]
[Result "1-0"]
[WhiteElo "2760"]
[BlackElo "2526"]
[PlyCount "45"]
[EventDate "2024.03.12"]
[EventType "swiss (blitz)"]
[EventRounds "11"]
[EventCountry "USA"]
[SourceTitle "CB12_2024"]
[SourceDate "2023.10.01"]
[SourceVersion "1"]
[SourceVersionDate "2023.10.01"]
[SourceQuality "1"]

1. Nf3 Nf6 2. g3 b6 3. Bg2 Bb7 4. 0-0 c5 5. d3 d5 6. Nbd2 g6 7. e4 dxe4 8. dxe4 Bg7 9. e5 Nd5 10. e6 f6 11. Re1 0-0 12. c3 Nc6 13. h4 Nc7 14. h5 Qd3 15. hxg6 hxg6 16. Nh4 Na5 17. Re3 Qd6 18. Bxb7 Nxb7 19. Nxg6 Rfd8 20. Qg4 Na5 21. Nh4 Ne8 22. Nf5 Qd5 23. Nxe7+ 1-0

[Event "IND-ch Rapid"]
[Site "Nashik"]
[Date "2024.03.04"]
[Round "1"]
[White "Bartakke, Aditya"]
[Black "Mitrabha, Guha"]
[Result "1/2-1/2"]
[WhiteElo "1738"]
[BlackElo "2466"]
[PlyCount "79"]
[EventDate "2024.03.04"]
[EventType "swiss (rapid)"]
[EventRounds "11"]
[EventCountry "IND"]
[SourceTitle "CB11_2024"]
[SourceDate "2024.03.13"]
[SourceVersion "1"]
[SourceVersionDate "2024.03.13"]
[SourceQuality "1"]

1. e4 e6 2. d4 d5 3. Bd3 c5 4. exd5 exd5 5. Nf3 c4 6. Be2 Nf6 7. 0-0 Bd6 8. b3 cxb3 9. axb3 0-0 10. c4 Nc6 11. Bg5 h6 12. Bh4 g5 13. Bg3 Bxg3 14. hxg3 dxc4 15. Bxc4 g4 16. Ne5 Nxd4 17. Qd2 Kg7 18. Rd1 Ne6 19. Qe2 Qe7 20. Nxg4 Nxg4 21. Qxg4+ Qg5 22. Qe4 Qf6 23. Ra5 Ng5 24. Qe3 Bg4 25. f3 Rfe8 26. Qc3 Be6 27. Bxe6 Rxe6 28. Rf5 Qxc3 29. Nxc3 Re3 30. Nd5 Rxb3 31. Nc7 Rc8 32. Rd7 Rc3 33. Nd5 Rc1+ 34. Kh2 R8c2 35. f4 Nf3+ 36. Kh3 Rh1+ 37. Kg4 Nh2+ 38. Kh3 Nf1+ 39. Kg4 Nh2+ 40. Kh3 1/2-1/2

[Event "Titled Tuesday intern op 06th Feb Early"]
[Site "Chess.com INT"]
[Date "2024.02.06"]
[Round "7"]
[White "Mitrabha, Guha"]
[Black "Banh, Gia Huy"]
[Result "1-0"]
[WhiteElo "2526"]
[BlackElo "2390"]
[PlyCount "109"]
[EventDate "2024.02.06"]
[EventType "swiss (blitz)"]
[EventRounds "11"]
[EventCountry "USA"]
[SourceTitle "CB07_2024"]
[SourceDate "2024.02.14"]
[SourceVersion "1"]
[SourceVersionDate "2024.02.14"]
[SourceQuality "1"]

1. Nf3 Nf6 2. c4 g6 3. g3 Bg7 4. Bg2 0-0 5. 0-0 d6 6. Nc3 c5 7. d4 Nc6 8. dxc5 dxc5 9. Be3 Be6 10. Qa4 Nd7 11. Rfd1 Qc8 12. Nd5 Re8 13. Qa3 Nb4 14. Rac1 a5 15. Bf4 Bxd5 16. cxd5 b5 17. e4 Nb6 18. Nd2 c4 19. b3 Nd3 20. bxc4 Nxc1 21. Rxc1 Nxc4 22. Nxc4 bxc4 23. e5 Rb8 24. h4 Qf5 25. Qe3 Rb1 26. Rxb1 Qxb1+ 27. Kh2 Qd3 28. Qc5 c3 29. Qc6 Rd8 30. Qc7 Rf8 31. Qxe7 c2 32. Qc5 Qd1 33. Be4 c1Q 34. Bxc1 Bxe5 35. Be3 Qg4 36. Qc2 Qxh4+ 37. Kg2 Qf6 38. Qc5 Bd6 39. Qxa5 h5 40. Qb6 h4 41. gxh4 Qxh4 42. Bf3 Qh2+ 43. Kf1 Rc8 44. a4 Rb8 45. Qc6 Rb1+ 46. Ke2 Qe5 47. Qc4 Qb2+ 48. Kd3 Ra1 49. Qc8+ Kg7 50. Bd4+ Qxd4+ 51. Kxd4 Rxa4+ 52. Kd3 Ra3+ 53. Ke2 Ra2+ 54. Kf1 Ra1+ 55. Kg2 1-0

[Event "Titled Tuesday intern op 06th Feb Early"]
[Site "Chess.com INT"]
[Date "2024.02.06"]
[Round "11"]
[White "Mitrabha, Guha"]
[Black "Paravyan, David"]
[Result "1-0"]
[WhiteElo "2526"]
[BlackElo "2612"]
[PlyCount "71"]
[EventDate "2024.02.06"]
[EventType "swiss (blitz)"]
[EventRounds "11"]
[EventCountry "USA"]
[SourceTitle "CB07_2024"]
[SourceDate "2024.02.14"]
[SourceVersion "1"]
[SourceVersionDate "2024.02.14"]
[SourceQuality "1"]

1. Nf3 d5 2. c4 d4 3. g3 Nc6 4. Bg2 e5 5. 0-0 e4 6. Ne1 h5 7. h4 g5 8. hxg5 h4 9. d3 hxg3 10. Bxe4 Bh3 11. Ng2 Bd6 12. f4 Nge7 13. f5 Qd7 14. c5 Bxc5 15. Qb3 0-0-0 16. Qxf7 Rdf8 17. Qe6 Qxe6 18. fxe6 Rxf1+ 19. Kxf1 Bxe6 20. Nf4 Bf5 21. Nd2 Ne5 22. Kg2 Rh4 23. Nf3 Nxf3 24. exf3 Bxe4 25. dxe4 Bd6 26. Nh3 Ng6 27. Bd2 c5 28. Be1 Rh8 29. Bxg3 Nh4+ 30. Kf2 Nxf3 31. Bxd6 Rxh3 32. g6 Rh6 33. Kxf3 Rxg6 34. Bxc5 d3 35. Bd4 Rd6 36. Bc3 1-0